| 000 | 01583nam0a2200325 4500 | ||
|---|---|---|---|
| 001 | RU\NLR\bibl\371034 | ||
| 005 | 20250621163540.0 | ||
| 010 |
_a5-86781-213-8 _91000 |
||
| 021 |
_aRU _b2002-67690 |
||
| 035 | _a(NLR Aleph) 000365571 | ||
| 090 |
_a362989 _c362989 |
||
| 100 | _a20030226d2001 |||y0rusy50 ca | ||
| 101 | 0 | _arus | |
| 102 | _aRU | ||
| 105 | _aa ||||||||| | ||
| 200 | 1 |
_aОсновы теории функций комплексной переменной _eУчеб. пособие _fТ.К. Плышевская, Г.А. Свиридюк _gМ-во образования Рос. Федерации, Магнитог. гос. ун-т |
|
| 210 |
_aМагнитогорск _cМаГУ _d2001 |
||
| 215 |
_a141 с. _cил. _d20 |
||
| 320 | _aБиблиогр.: с. 141 (6 назв.) | ||
| 606 | 0 |
_aФункции комплексного переменного _jРуководства, пособия и т.п. для высшей школы _xТеория _91882510 _3RU\NLR\auth\661145985 |
|
| 606 | 0 |
_aФункций комплексного переменного теория _jУчебные издания для высшей школы _92188991 _3RU\NLR\auth\661315954 |
|
| 686 | _aВ161.5я73-1 | ||
| 700 | 1 |
_aПлышевская _bТ. К. _gТатьяна Константиновна _4070 |
|
| 701 | 1 |
_aСвиридюк _bГ. А. _gГеоргий Анатольевич _4070 |
|
| 801 | 0 |
_aRU _bNLR _c20030226 _gPSBO |
|
| 801 | 1 |
_aRU _bNLR _c20030226 |
|
| 830 | _aАвт. раскрыты по кн | ||
| 942 | _cBOOK | ||
| 980 | _aNB | ||